Routledge Philosophy Guidebook to Mill on Utilitarianism / (Record no. 13291)
[ view plain ]
| 000 -LEADER | |
|---|---|
| fixed length control field | 01277cam a2200301 a 4500 |
| 001 - CONTROL NUMBER | |
| control field | 3541204 |
| 005 - DATE AND TIME OF LATEST TRANSACTION | |
| control field | 20060728202106.0 |
| 008 - FIXED-LENGTH DATA ELEMENTS--GENERAL INFORMATION | |
| fixed length control field | 970103s1997 enk |rb 001 0 eng |
| 010 ## - LIBRARY OF CONGRESS CONTROL NUMBER | |
| LC control number | 97001476 |
| 020 ## - INTERNATIONAL STANDARD BOOK NUMBER | |
| International Standard Book Number | 0415109779 |
| 020 ## - INTERNATIONAL STANDARD BOOK NUMBER | |
| International Standard Book Number | 0415109787 (pbk.) |
| 040 ## - CATALOGING SOURCE | |
| Original cataloging agency | DLC |
| Transcribing agency | DLC |
| Modifying agency | DLC |
| 050 00 - LIBRARY OF CONGRESS CALL NUMBER | |
| Classification number | B1603.U873 |
| Item number | C75 1997 |
| 082 00 - DEWEY DECIMAL CLASSIFICATION NUMBER | |
| Classification number | 171.5 |
| Edition number | 22 |
| Item number | CRI |
| 100 1# - MAIN ENTRY--PERSONAL NAME | |
| Personal name | Crisp, Roger, |
| Dates associated with a name | 1961- |
| 9 (RLIN) | 11001 |
| 245 10 - TITLE STATEMENT | |
| Title | Routledge Philosophy Guidebook to Mill on Utilitarianism / |
| Statement of responsibility, etc | Roger Crisp. |
| 246 30 - VARYING FORM OF TITLE | |
| Title proper/short title | Mill on utilitarianism |
| 260 ## - PUBLICATION, DISTRIBUTION, ETC. (IMPRINT) | |
| Place of publication, distribution, etc | London : |
| Name of publisher, distributor, etc | Routledge, 1997 |
| Date of publication, distribution, etc | 1997. |
| 300 ## - PHYSICAL DESCRIPTION | |
| Extent | xiii, 232 p. ; |
| Dimensions | 21 cm. |
| 490 ## - Series Statement | |
| Series statement | Routledge philosophy guidebooks |
| 504 ## - BIBLIOGRAPHY, ETC. NOTE | |
| Bibliography, etc | Includes bibliographical references (p. 217-227) and index. |
| 600 10 - SUBJECT ADDED ENTRY--PERSONAL NAME | |
| Personal name | Mill, John Stuart, |
| Dates associated with a name | 1806-1873. |
| Title of a work | Utilitarianism. |
| 9 (RLIN) | 11002 |
| 650 #0 - SUBJECT ADDED ENTRY--TOPICAL TERM | |
| Topical term or geographic name as entry element | Utilitarianism. |
| 9 (RLIN) | 11003 |
| 856 42 - ELECTRONIC LOCATION AND ACCESS | |
| Materials specified | Publisher description |
| Uniform Resource Identifier | <a href="http://www.loc.gov/catdir/enhancements/fy0648/97001476-d.html">http://www.loc.gov/catdir/enhancements/fy0648/97001476-d.html</a> |
| 942 ## - ADDED ENTRY ELEMENTS (KOHA) | |
| Source of classification or shelving scheme | Dewey Decimal Classification |
| Item type | Book - Borrowing |
| Withdrawn status | Item status | Source of classification or shelving scheme | Damaged status | Not for loan | Vendor | Home library | Current library | Shelving location | Date acquired | Source of acquisition | Cost, normal purchase price | Serial Enumeration / chronology | Total Checkouts | Total Renewals | Full call number | Barcode | Date last seen | Date last borrowed | Koha item type |
|---|---|---|---|---|---|---|---|---|---|---|---|---|---|---|---|---|---|---|---|
| Dewey Decimal Classification | Central Library | Central Library | Lower Floor | 07/02/2010 | 80.00 | 1324 | 7 | 20 | 171.5 CRI | 000019673 | 15/07/2025 | 01/04/2017 | Book - Borrowing |